000 00875nam a22002657a 4500
005 20170123162343.0
010 _aA-794950
020 _c120.00
035 _aA-794950
037 _bCen Lib/Ret
040 _aDPL
_bUR
082 _a370.92
_bم ح م
100 _aمحمّد اکرام خان
_9129634
245 _aمفکّرین تعلیم /
_bمحمّد اکرام خان
246 _aMufakkereen-e-taleem /
_bby Mohammad Ikram Khan
260 _aنیی دہلی
_bمکتبہ جامہ لمیٹڈ
_c1995
270 _bنیی دہلی
_aجامہ نگر
_e110025
300 _a183p.
_c21cm(Hb)
500 _aکتابیات
650 _aمذہب -- اسلام
_9129635
650 _aاسلامی تعلیم
_9646
650 _aReligion -- Islam
_992070
650 _aIslaimc education
_9129636
942 _2ddc
_cUR
_h370.92
_mم ح م
999 _c108699
_d108699